| 000 | 01047nac a22003377a 4500 | ||
|---|---|---|---|
| 001 | BR9300243 | ||
| 003 | BR-BrBNA | ||
| 005 | 20240105121331.0 | ||
| 008 | 230509b bl.|||m| |||| 00| 0 por d | ||
| 040 |
_aBR-BrBNA _bpor _cBiblioteca Nacional de Agricultura |
||
| 072 | _aF01 | ||
| 090 | _a0150 BR9300243 | ||
| 110 | 1 |
_aEmpresa de Assistencia Tecnica e Extensao Rural do Estado de Mato Grosso, Cuiaba (Brasil) _94017 |
|
| 245 | 1 | _aDiretrizes tecnicas; arroz | |
| 260 | 3 |
_aCuiaba, MT (Brasil): _c1990. |
|
| 300 | _a46 p. | ||
| 490 |
_aDiretrizes Tecnicas - Empresa de Assistencia Tecnica e Extensao Rural do Estado de Mato Grosso (Brazil) _vno. 5 _x |
||
| 500 | _a15 tables | ||
| 650 | _aArroz | ||
| 650 | _aPratica Cultural | ||
| 650 | _aAdubacao | ||
| 650 | _aConservacao do Solo | ||
| 650 | _aManejo do Solo | ||
| 650 | _aPraga de Planta | ||
| 650 | _aDoenca de Planta | ||
| 650 | _aFungicida | ||
| 650 | _aColheita | ||
| 650 | _aMato Grosso | ||
| 909 |
_a202312 _bLúcia Elande _c55 _dLúcia Elande |
||
| 942 |
_2AGRIS _n0 _cMS |
||
| 999 |
_c284694 _d284694 |
||